El viejo John / (Registro nro. 10539)

Detalles MARC
000 -LIDER
fixed length control field 00888nam a22002777a 4500
001 - NÚMERO DE CONTROL
Identificador de número de control 00580
003 - IDENTIFICACDOR DE NÚMERO DE CONTROL
control field DO-SdBNP
005 - DATE AND TIME OF LATEST TRANSACTION
control field 20240325131735.0
007 - CAMPOS FIJOS DE DESCRIPCIÓN FÍSICA
fixed length control field 00580
008 - ELEMENTOS DE LONGITUD FIJA
fixed length control field 160623b2008 mx 2004 || 00| 0 spa d
020 ## - ISBN
International Standard Book Number 9789681907204
040 ## - FUENTE DE CATALOGACIÓN
Agencia que crea de manera original el registro BPMSU
Idioma de catalogación spa
Agencia que realiza la transcripción BPMSU
082 #4 - NÚMERO DE CLASIFICACIÓN DECIMAL DE DEWEY
Classification number 833.91
Item number H332v 2008
Edition number 22
100 1# - ASIENTO PRINCIPAL -- NOMBRE PERSONAL
Nombre personal Härtling, Peter,
Fechas asociadas con el nombre 1933-
245 13 - MENCIÓN DE TITULO
Título El viejo John /
Mención de responsabilidad Peter Härtling ; traducción de Carmen Barranda ; ilustraciones de Renate Habinger.
260 ## - PUBLICACIÓN, DISTRIBUCIÓN, ETC. (PIE DE IMPRENTA)
Lugar de publicación, distribución, etc México :
Nombre del editor, distribuidor, etc. Santillana ediciones generales,
Fecha de publicación, distribución, etc 2008
300 ## - DESCRIPCIÓN FÍSICA
Extensión 143 p. :
Otros detalles físicos il. ;
Dimensiones 20 cm.
490 0# - MENCIÓN DE SERIES
Mención de serie Alfaguara juvenil,
Volume/sequential designation 93
534 ## - NOTA SOBRE LA VERSIÓN ORIGINAL
Frase introductoria Título original.
Mención del título original Alter John.
590 ## - NOTA LOCAL
Texto de la nota local Inventariado, 2024/VM
650 #4 - ENCABEZAMIENTO DE MATERIA--TEMÁTICO
Término temático o nombre geográfico como elemento de entrada Cuentos infantiles alemanes.
700 1# - ASIENTO SECUNDARIO -- NOMBRE PERSONAL
Nombre personal Barranda, Carmen,
Mención de responsabilidad tr.
700 1# - ASIENTO SECUNDARIO -- NOMBRE PERSONAL
Nombre personal Habinger, Renate
Mención de responsabilidad il.
910 ## - VALIDACIÓN
Validación VMateo V. Control de calidad. BPMSU
942 ## - ADDED ENTRY ELEMENTS (KOHA)
Source of classification or shelving scheme Dewey Decimal Classification
Koha item type Libros
Existencias
Withdrawn status Lost status Source of classification or shelving scheme Damaged status Not for loan Collection code Home library Current library Date acquired Source of acquisition Total Checkouts Full call number Barcode Date last seen Price effective from Koha item type Copy number
    Dewey Decimal Classification     Colección Infantil General Biblioteca Pública Metropolitana Salomé Ureña Biblioteca Pública Metropolitana Salomé Ureña 06/23/2016 Afaguara   BPMSU CGI 833.91 H332v 2008 BPMSU16060433 06/23/2016 06/23/2016 Libros  
    Dewey Decimal Classification     Colección Infantil General Biblioteca Pública Metropolitana Salomé Ureña Biblioteca Pública Metropolitana Salomé Ureña 06/23/2016 Santillana   BPMSU CGI 833.91 H332v 2008 BPMSU16060434 06/23/2016 06/23/2016 Libros e.2
    Dewey Decimal Classification     Colección Infantil General Biblioteca Pública Metropolitana Salomé Ureña Biblioteca Pública Metropolitana Salomé Ureña 07/21/2016 Santillana   BPMSU CGI 833.91 H332v 2008 BPMSU16070613 07/21/2016 07/21/2016 Libros e.3